| 000 | 01092cam a22003254a 4500 | ||
|---|---|---|---|
| 005 | 20260322212032.0 | ||
| 008 | data | ||
| 010 | _a 2002075858 | ||
| 020 | _a9780743243155 | ||
| 040 |
_aDLC _cDLC _dDLC |
||
| 042 | _apcc | ||
| 050 | 0 | 0 |
_aBF637.S4 _bP43 2002 |
| 082 | 0 | 0 |
_a158.1 _221 |
| 092 | _a158.1 P43 2002 | ||
| 100 | 1 |
_aPeck, M. Scott _d1936-2005. _q(Morgan Scott), |
|
| 245 | 1 | 4 |
_aThe road less traveled : _ba new psychology of love, traditional values, and spiritual growth / _cM. Scott Peck. |
| 250 | _a25th anniversary ed. | ||
| 260 |
_aNew York : _bSimon & Schuster, _cc2002. |
||
| 300 |
_a315 p. ; _c25 cm. |
||
| 500 | _a"First Touchstone edition, 2003" | ||
| 650 | 0 | _aSelf-actualization (Psychology) | |
| 650 | 0 | _aMaturation (Psychology) | |
| 650 | 0 | _aInterpersonal relations. | |
| 650 | 0 | _aLove. | |
| 650 | 0 | _aValues. | |
| 650 | 0 | _aSpirituality. | |
| 856 | 4 | 2 |
_3Contributor biographical information _uhttp://www.loc.gov/catdir/bios/simon053/2002075858.html |
| 856 | 4 | 2 |
_3Publisher description _uhttp://www.loc.gov/catdir/description/simon034/2002075858.html |
| 001 | data | ||
| 999 |
_c730 _d730 |
||